<?xml version="1.0" encoding="UTF-8"?>
<collection xmlns="http://www.loc.gov/MARC21/slim">
 <record>
  <leader>01089nam a2200301 a 4500</leader>
  <controlfield tag="001">30959</controlfield>
  <controlfield tag="003">BD-DhAAL</controlfield>
  <controlfield tag="005">20230525133421.0</controlfield>
  <controlfield tag="008">160224s1989    cau           000 1 eng  </controlfield>
  <datafield tag="010" ind1=" " ind2=" ">
   <subfield code="a">   89000957 </subfield>
  </datafield>
  <datafield tag="020" ind1=" " ind2=" ">
   <subfield code="a">0872862232</subfield>
  </datafield>
  <datafield tag="040" ind1=" " ind2=" ">
   <subfield code="a">DLC</subfield>
   <subfield code="c">DLC</subfield>
   <subfield code="d">DLC</subfield>
   <subfield code="d">BD-DhAAL</subfield>
  </datafield>
  <datafield tag="041" ind1="1" ind2=" ">
   <subfield code="a">eng</subfield>
  </datafield>
  <datafield tag="050" ind1="0" ind2="0">
   <subfield code="a">PJ7862.A3</subfield>
   <subfield code="b">M813 1989</subfield>
  </datafield>
  <datafield tag="082" ind1="0" ind2="0">
   <subfield code="a">892/.736</subfield>
   <subfield code="2">19</subfield>
  </datafield>
  <datafield tag="100" ind1="1" ind2=" ">
   <subfield code="a">Saʻdāwī, Nawāl.</subfield>
   <subfield code="9">18131</subfield>
  </datafield>
  <datafield tag="240" ind1="1" ind2="0">
   <subfield code="a">Mudhakkirāt ṭabībah.</subfield>
   <subfield code="l">English</subfield>
  </datafield>
  <datafield tag="245" ind1="1" ind2="0">
   <subfield code="a">Memoirs of a woman doctor :</subfield>
   <subfield code="b">a novel /</subfield>
   <subfield code="c">by Nawal el Saadawi ; translated from the Arabic by Catherine Cobham.</subfield>
  </datafield>
  <datafield tag="250" ind1=" " ind2=" ">
   <subfield code="a">1st City Lights Books ed.</subfield>
  </datafield>
  <datafield tag="264" ind1=" " ind2=" ">
   <subfield code="a">San Francisco :</subfield>
   <subfield code="b">City Lights Books,</subfield>
   <subfield code="c">1989.</subfield>
  </datafield>
  <datafield tag="300" ind1=" " ind2=" ">
   <subfield code="a">101 p. ;</subfield>
   <subfield code="c">21 cm.</subfield>
  </datafield>
  <datafield tag="500" ind1=" " ind2=" ">
   <subfield code="a">Translation of: Mudhakkirāt ṭabībah.</subfield>
  </datafield>
  <datafield tag="526" ind1=" " ind2=" ">
   <subfield code="a">ENH</subfield>
  </datafield>
  <datafield tag="541" ind1=" " ind2=" ">
   <subfield code="e">30959</subfield>
  </datafield>
  <datafield tag="650" ind1=" " ind2=" ">
   <subfield code="a">Women physicians</subfield>
   <subfield code="x">Egypt.</subfield>
   <subfield code="x">Fiction</subfield>
   <subfield code="9">18132</subfield>
  </datafield>
  <datafield tag="942" ind1=" " ind2=" ">
   <subfield code="2">ddc</subfield>
   <subfield code="c">BK</subfield>
  </datafield>
  <datafield tag="999" ind1=" " ind2=" ">
   <subfield code="c">36921</subfield>
   <subfield code="d">36921</subfield>
  </datafield>
  <datafield tag="952" ind1=" " ind2=" ">
   <subfield code="0">0</subfield>
   <subfield code="1">0</subfield>
   <subfield code="2">ddc</subfield>
   <subfield code="4">0</subfield>
   <subfield code="6">892_736000000000000_SAD</subfield>
   <subfield code="7">0</subfield>
   <subfield code="9">58140</subfield>
   <subfield code="a">BRACUL</subfield>
   <subfield code="b">BRACUL</subfield>
   <subfield code="c">GEN</subfield>
   <subfield code="d">2016-02-24</subfield>
   <subfield code="e">P K Corporation</subfield>
   <subfield code="g">2400.00</subfield>
   <subfield code="l">8</subfield>
   <subfield code="m">34</subfield>
   <subfield code="o">892.736 SAD</subfield>
   <subfield code="p">3010030959</subfield>
   <subfield code="r">2024-02-20</subfield>
   <subfield code="s">2024-02-19</subfield>
   <subfield code="t">1</subfield>
   <subfield code="w">2016-02-24</subfield>
   <subfield code="y">BK</subfield>
  </datafield>
 </record>
</collection>
